Statistics for Largest Islands of England

Click here to take the quiz!

General Stats

  • This quiz has been taken 65 times
  • The average score is 4 of 14

Answer Stats

HintAnswer% Correct
147.09 sq miIsle of Wight
100%
36.31 sq miIsle of Sheppey
54%
1.72 sq miLundy
38%
7.12 sq miCanvey Island
36%
9.36 sq miPortsea Island
34%
2.54 sq miSt Mary's
28%
10.09 sq miFoulness Island
26%
6.96 sq miMersea Island
26%
1.15 sq miTresco
26%
10.36 sq miHayling Island
24%
5.01 sq miWalney Island
18%
0.57 sq miSt Agnes
16%
0.51 sq miBryher
14%
4.11 sq miWallasea Island
2%

Score Distribution

Percentile by Number Answered

Percent of People with Each Score

Your Score History

You have not taken this quiz